Information and Image Management: A records System Approach (Record no. 6013)

MARC details
005 - DATE AND TIME OF LATEST TRANSACTION
control field 20250628130213.0
020 ## - INTERNATIONAL STANDARD BOOK NUMBER
International Standard Book Number 0176042520
082 ## - DEWEY DECIMAL CLASSIFICATION NUMBER
Classification number 651.5 LAN
245 ## - TITLE STATEMENT
Title Information and Image Management: A records System Approach
250 ## - EDITION STATEMENT
Edition statement 3rd Ed.
260 ## - PUBLICATION, DISTRIBUTION, ETC.
Place of publication, distribution, etc. New York
Name of publisher, distributor, etc. ITP Nelson.
Date of publication, distribution, etc. 1997.
300 ## - PHYSICAL DESCRIPTION
Extent viii,548p.
Other physical details index
Dimensions 23cm.
700 ## - ADDED ENTRY--PERSONAL NAME
Other authors/Editors SWAFFORD,A., GOW,K & FLEMMING
942 ## - ADDED ENTRY ELEMENTS (KOHA)
Source of classification or shelving scheme Dewey Decimal Classification
Koha item type Books
Holdings
Date last seen Total checkouts Full call number Barcode Cost, replacement price Price effective from Koha item type Lost status Source of classification or shelving scheme Damaged status Not for loan Withdrawn status Home library Current library Shelving location Date acquired Source of acquisition Cost, normal purchase price
06/28/2025   651.5 LAN DOM0001167 150000.00 06/28/2025 Books   Dewey Decimal Classification       CBE Dodoma CBE Dodoma General Collection 01/02/2000 Library budget 50000.00